<The> George Washington journal of international law and economics
Salvato in:
| Natura: | Periodico |
|---|---|
| Lingua: | inglese |
| Pubblicazione: |
Washington
George Washington University
1995/1996
|
| Soggetti: | |
| Tags: |
Nessun Tag, puoi essere il primo ad aggiungerne!!
|
MARC
| LEADER | 00000nas2a2200000 4500 | ||
|---|---|---|---|
| 001 | s102277 | ||
| 005 | 20221221070342.6 | ||
| 041 | 0 | |a eng | |
| 044 | |a US | ||
| 245 | 1 | 0 | |a <The> George Washington journal of international law and economics |
| 264 | 1 | |a Washington |b George Washington University |c 1995/1996 | |
| 300 | |a 1 zv. | ||
| 773 | 0 | |w eu_un_cat*s120183 | |
| 610 | 2 | 0 | |a právo obchodné |